Catálogo

La actualidad de San Agustín : (Registro nro. 24398)

Detalles MARC
000 -LEADER
fixed length control field 01318cam a2200325 i 4500
001 - CONTROL NUMBER
control field 24398
003 - CONTROL NUMBER IDENTIFIER
control field Mx-PuUPA
005 - DATE AND TIME OF LATEST TRANSACTION
control field 20251031094151.0
008 - FIXED-LENGTH DATA ELEMENTS--GENERAL INFORMATION
fixed length control field 140415s2024 mx gr 001 0 spa d
020 ## - INTERNATIONAL STANDARD BOOK NUMBER
International Standard Book Number 9788411835831
040 ## - CATALOGING SOURCE
Transcribing agency Mx-PuUPA
Original cataloging agency Mx-PuUPA
Language of cataloging spa
Modifying agency Mx-PuUPA
Description conventions rda
041 0# - LANGUAGE CODE
Language code of text/sound track or separate title spa
245 13 - TITLE STATEMENT
Title La actualidad de San Agustín :
Remainder of title estudios sobre la filosofía, antropología y religión /
Statement of responsibility, etc. Rubén Sánchez Muñoz, Jacob Buganza, coordinadores
264 #1 - PRODUCTION, PUBLICATION, DISTRIBUTION, MANUFACTURE, AND COPYRIGHT NOTICE
Place of production, publication, distribution, manufacture Ciudad de México :
Name of producer, publisher, distributor, manufacturer Lambda Editorial ;
-- Tirant Humanidades,
Date of production, publication, distribution, manufacture, or copyright notice ©2024
300 ## - PHYSICAL DESCRIPTION
Extent 225 páginas ;
Dimensions 22 cm
336 ## - CONTENT TYPE
Fuente rdacontent
Content type term texto
Content type code txt
337 ## - MEDIA TYPE
Source rdamedia
Media type term sin medio
Media type code n
338 ## - CARRIER TYPE
Source rdacarrier
Carrier type term volumen
Carrier type code nc
490 0# - SERIES STATEMENT
Series statement Diáspora
600 04 - SUBJECT ADDED ENTRY--PERSONAL NAME
Personal name Agustín
Titles and other words associated with a name Santo
General subdivision Filosofía y religión
600 04 - SUBJECT ADDED ENTRY--PERSONAL NAME
Personal name Agustín
Titles and other words associated with a name Santo
-- Obispo de Hipona
Dates associated with a name 354-430
Form subdivision Crítica e interpretación
600 04 - SUBJECT ADDED ENTRY--PERSONAL NAME
Personal name Agustín
Titles and other words associated with a name Santo
-- Obispo de Hipona
General subdivision Teología filosófica
600 04 - SUBJECT ADDED ENTRY--PERSONAL NAME
Personal name Agustín
Titles and other words associated with a name Santo
-- Obispo de Hipona
Dates associated with a name 354-430
General subdivision Teología dogmática
700 1# - ADDED ENTRY--PERSONAL NAME
Personal name Sánchez Muñoz, Rubén,
Relator term coordinador
9 (RLIN) 6583
700 1# - ADDED ENTRY--PERSONAL NAME
Personal name Buganza, Jacob,
Relator term coordinador
942 ## - ADDED ENTRY ELEMENTS (KOHA)
Source of classification or shelving scheme Dewey Decimal Classification
Koha item type Libro
Classification part 230.2092
Item part L56
Existencias
Withdrawn status Lost status Source of classification or shelving scheme Damaged status Not for loan Collection code Home library Current library Shelving location Date acquired Source of acquisition Cost, normal purchase price Total Checkouts Full call number Barcode Date last seen Cost, replacement price Price effective from Koha item type
    Dewey Decimal Classification     General Biblioteca Karol Wojtyla Biblioteca Karol Wojtyla Sala general 03/12/2013 Donación 0.00   230.2092 L56 2024 45645 05/01/2026 0.00 03/12/2013 Libro